Представление документа в формате RUSMARC

ПолеНазваниеЗначение
  Тип записи a
  Библиографический уровень m
001 Контрольный номер 2de5ec5bf42c400b8b6b610031644c07
005 Дата корректировки 20251121091038.8
010 Индекс ISBN __
a ISBN 978-5-04-109358-7
b Уточнения в пер.
100 Данные общей обработки __
a Данные общей обработки 20251003d 0rusy0189## ca
101 Язык документа 0_
a Язык текста rus
102 Страна публикации __
a Страна публикации RU
200 Заглавие и сведения об ответственности 1_
a Заглавие Там, где живёт любовь
f Первые сведения об ответственности Ася Лавринович
210 Выходные данные 1_
a Место издания Москва
c Издательство Эксмо
c Издательство LIKE BOOK
d Дата издания 2024
215 Физическое описание __
a Объем 317, [3] с.
333 Примечание о целевом назначении __
a Примечание о целевом назначении 16+
517 Другие варианты заглавия 1_
a Другие варианты заглавия Там, где живет любовь
606 Тематические рубрики 0_
a Основная рубрика Русская литература, 21 в.
610 Ключевые слова 0_
a Ключевые слова романы о любви; школьная жизнь (х. л.); взаимоотношения подростков (х. л.); соперницы (х. л.); первая любовь (х. л.); проблемы подростков (х. л.); отношения в семье (х. л.); любовь (х. л.)
686 Индексы других классификаций __
a Классификационный индекс Р2
700 Автор _1
a Фамилия Лавринович
b Имя (инициалы) А.
g Полное личное имя Ася
801 Источник записи _0
a Страна RU
b Организация УОБДЮ
c Дата составления 20251003
g Правила каталогизации RCR
801 Источник записи _1
a Страна RU
b Организация УОБДЮ
c Дата составления 20251003
g Правила каталогизации RCR
830 Общее примечание каталогизатора __
a Текст примечания Ю
852 Данные о местонахождении __
i Авторский знак Л 13
j Шифр хранения Р2
900 Электронные ресурсы __
a Имя электронного ресурса 591948
901 Тип документа __
t Тип документа m
905 Данные по созданию БЗ __
b Логин пользователя, который создал БЗ imm
b Логин пользователя, который создал БЗ o8
a Дата создания БЗ 202512
909 Создатель записи __
b Дата создания записи 20251003